000 00573nam a2200229Ia 4500
003 OSt
005 20220928101759.0
006 a|||||r|||| 00| 0
007 ta
008 220927b |||||||| |||| 00| 0 eng d
024 _a56826
037 _cTextual
040 _aSDCL
_cSDCL
_beng
041 _2eng
_aeng
082 _aO152,3N20x, L2
100 _aAmrit
_9395077
245 0 _aChitra falak.
260 _aAllahabad
_bHans Prakashan
_c1972
300 _a126p.
_ccm.
942 _hO152,3N20x, L2
_cTEXL
_2CC
999 _c710700
_d710700